Países que Reconocen a Palestina - Estadísticas

Estadísticas generales
  • Esta prueba ha sido intentada 86 veces
    17 desde el último reinicio
  • La puntuación promedio es 104 de 158
Estadísticas de respuestas
Continente País % Correcto
América del Sur Argentina
100%
América del Sur Bolivia
100%
América del Sur Brasil
100%
América del Sur Chile
100%
América del Sur Colombia
100%
América del Sur Ecuador
100%
Europa España
100%
América del Norte Guatemala
100%
América del Norte Honduras
100%
América del Sur Paraguay
100%
América del Sur Perú
100%
América del Sur Uruguay
100%
América del Sur Venezuela
100%
América del Norte Canadá
93%
América del Norte Cuba
93%
América del Norte El Salvador
93%
América del Norte México
93%
América del Norte Nicaragua
93%
Europa Portugal
93%
Europa Rusia
93%
África Argelia
86%
Asia China
86%
Europa Francia
86%
América del Norte Haití
86%
América del Norte Jamaica
86%
África Marruecos
86%
Europa Mónaco
86%
Europa Reino Unido
86%
América del Norte República Dominicana
86%
América del Sur Surinam
86%
Europa Andorra
79%
África Angola
79%
Asia Arabia Saudita
79%
Oceanía Australia
79%
Asia Catar
79%
América del Norte Costa Rica
79%
África Etiopía
79%
América del Sur Guyana
79%
Asia India
79%
Europa Islandia
79%
Asia Jordania
79%
Europa Luxemburgo
79%
África Namibia
79%
Europa Serbia
79%
África Sudáfrica
79%
América del Norte Trinidad y Tobago
79%
América del Norte Bahamas
71%
América del Norte Barbados
71%
América del Norte Belice
71%
África Botsuana
71%
África Chad
71%
Europa Ciudad del Vaticano
71%
Asia Corea del Norte
71%
África Egipto
71%
Asia Emiratos Árabes Unidos
71%
América del Norte Granada
71%
África Guinea
71%
Europa Hungría
71%
Asia Irak
71%
Asia Irán
71%
África Kenia
71%
Asia Líbano
71%
Europa Malta
71%
Europa Noruega
71%
África República del Congo
71%
África República Democrática del Congo
71%
América del Norte San Cristóbal y Nieves
71%
Europa San Marino
71%
América del Norte Santa Lucía
71%
América del Norte San Vicente y las Granadinas
71%
Europa Suecia
71%
Asia Turquía
71%
Europa Ucrania
71%
Asia Chipre
64%
América del Norte Dominica
64%
África Ghana
64%
Asia Indonesia
64%
Europa Irlanda
64%
Asia Kuwait
64%
África Lesoto
64%
África Madagascar
64%
África Mauritania
64%
Asia Omán
64%
Asia Pakistán
64%
África Somalia
64%
Asia Tailandia
64%
África Zambia
64%
Asia Afganistán
57%
Europa Albania
57%
América del Norte Antigua y Barbuda
57%
Asia Armenia
57%
Asia Azerbaiyán
57%
Asia Baréin
57%
África Benín
57%
Europa Bielorrusia
57%
Europa Bosnia y Herzegovina
57%
África Burundi
57%
África Comoras
57%
Europa Eslovenia
57%
África Gabón
57%
África Gambia
57%
Asia Georgia
57%
África Guinea Ecuatorial
57%
África Libia
57%
África Mali
57%
África Mauricio
57%
Europa Montenegro
57%
África Mozambique
57%
África Níger
57%
África Nigeria
57%
Europa Polonia
57%
África Senegal
57%
África Tanzania
57%
Asia Yemen
57%
África Zimbabue
57%
Asia Bangladés
50%
Asia Camboya
50%
África Costa de Marfil
50%
Europa Eslovaquia
50%
África Esuatini
50%
África Guinea-Bisáu
50%
Asia Kazajistán
50%
Asia Kirguistán
50%
Asia Laos
50%
África República Centroafricana
50%
Europa República Checa
50%
Europa Rumania
50%
África Santo Tomé y Príncipe
50%
Asia Siria
50%
África Sudán
50%
África Túnez
50%
Asia Uzbekistán
50%
Asia Vietnam
50%
Asia Brunéi
43%
Europa Bulgaria
43%
África Burkina Faso
43%
Asia Bután
43%
África Cabo Verde
43%
Asia Filipinas
43%
África Liberia
43%
Asia Malasia
43%
Asia Maldivas
43%
Oceanía Papúa Nueva Guinea
43%
África Ruanda
43%
África Seychelles
43%
África Sudán del Sur
43%
Asia Timor Oriental
43%
Oceanía Vanuatu
43%
África Yibuti
43%
África Malaui
36%
Asia Nepal
36%
África Sierra Leona
36%
Asia Sri Lanka
36%
Asia Tayikistán
36%
África Togo
36%
Asia Turkmenistán
36%
África Mongolia
29%
África Uganda
29%
No se encontraron pruebas coincidentes
Distribución de puntuación
Porcentaje de gente con cada puntuación
Porcentaje por número respondido
Historial de tus puntuaciones
No has intentado esta prueba desde el último reinicio